Crowd Out Effect – Government Support Impact on Private Donations in Non-Governmental Organizations dizertačná práca
Uložené v:
| Hlavný autor: | |
|---|---|
| Korporativný autor: | |
| Ďalší autori: | |
| Médium: | Kniha |
| Jazyk: | English |
| Vydavateľské údaje: |
Bratislava
2025
|
| Predmet: | |
| Tagy: |
Žiadne tagy, Buďte prvý, kto otaguje tento záznam!
|
MARC
| LEADER | 00000nbm a2200000 4500 | ||
|---|---|---|---|
| 001 | 0311935 | ||
| 005 | 20251013125534.2 | ||
| 041 | 0 | |a eng | |
| 044 | |a SK | ||
| 245 | 1 | 0 | |a Crowd Out Effect – Government Support Impact on Private Donations in Non-Governmental Organizations |b dizertačná práca |c Lucia Johanesová ; školiteľ: Valéria Némethová |
| 264 | 1 | |a Bratislava |c 2025 | |
| 300 | |a 119 s. | ||
| 610 | 2 | 0 | |a organizácie neziskové |
| 610 | 2 | 0 | |a podpora štátna |
| 610 | 2 | 0 | |a príspevky finančné |
| 610 | 2 | 0 | |a Vyšehradská štvorka |
| 610 | 2 | 0 | |a Európa |
| 100 | 1 | |a Johanesová, Lucia, 1988- | |
| 700 | 1 | |a Némethová, Valéria, 1987- | |
| 710 | 2 | |a Národohospodárska fakulta EU. Katedra verejnej správy a regionálneho rozvoja | |